00848pam a2200253 a 4500001000500000005001700005020002300022040002300045050002200068082000900090100003700099245007100136250004500207260003600252300004700288505000800335520010200343521002000445521002000465650003100485650002400516650002200540700003200562313220240208100324.0 a0590442457c$11.89 aDLCcDLCdDLCbeng00aPZ8.3.B815b 1989002630 1 aBrown, Margaret Wised1910-1952.10aBig red barn /c Brown, Margaret Wise ; pictures by Bond, Felicia  aFirst Scholastic printing , October 1990 aNew York :bScholastic , c1989 a31 unnumbered pages :bcol. ill. ;c25 cm. aJ  aRhymed text and illustrations introduce the many different animals that live in the big red barn. a490 bLexile  aJ bRaz-Plus  1aDomestic animalsxFiction. 1aFarm lifexFiction. 1aStories in rhyme.1 aBond, Feliciaeillustrator